LEADER 01422nam 2200421 450 001 9910151721603321 005 20180715074255.0 010 $a1-62808-323-9 035 $a(CKB)3710000000952350 035 $a(MiAaPQ)EBC4759726 035 $a(EXLCZ)993710000000952350 100 $a20130912h20132013 uy| 0 101 0 $aeng 135 $aurcnu|||||||| 181 $2rdacontent 182 $2rdamedia 183 $2rdacarrier 200 00$aHomeland security $ekey issues and considerations /$fGavin M. Dyson, editor 210 1$aNew York :$cNova Science,$d[2013] 210 4$dİ2013 215 $a1 online resource (136 pages) 225 1 $aDefense, security and strategies 311 $a1-62808-322-0 320 $aIncludes bibliographical references and index. 327 $aIssues in homeland security policy for the 113th Congress / William L. Painter -- Defining homeland security : analysis and congressional considerations / Shawn Reese. 410 0$aDefense, security and strategies series. 606 $aNational security$zUnited States 607 $aUnited States$xEmigration and immigration$xGovernment policy 607 $aUnited States$2fast 615 0$aNational security 702 $aDyson$b Gavin M. 801 0$bMiAaPQ 801 1$bMiAaPQ 801 2$bMiAaPQ 906 $aBOOK 912 $a9910151721603321 996 $aHomeland Security$91686681 997 $aUNINA LEADER 00847nam0-2200313 --450 001 9910911400603321 005 20241205101719.0 020 $aIT$b838923 100 $a20241205d1981----kmuy0itay5050 ba 101 0 $aita 102 $aIT 105 $a 001yy 200 1 $aAlessandro, o Della verita$fArno Schmidt 210 $aTorino$cEinaudi$d1981 215 $a257 p.$d19 cm 225 1 $aNuovi coralli$v305 300 $aScelta di racconti 300 $aTrad. di Emilio Picco 517 1 $aDella verita 676 $a833.9$v18 700 1$aSchmidt,$bArno$f<1914-1979>$0175178 702 1$aPicco,$bEmilio 801 0$aIT$bUNINA$gREICAT$2UNIMARC 901 $aBK 912 $a9910911400603321 952 $aDAM L35 SCHA 01$b2024/8851$fFLFBC 959 $aFLFBC 996 $aGadir oder Erkenne Dich Selbst$914818 997 $aUNINA